Efektívnosť vedecko-technického rozvoja

Gespeichert in:
Bibliographische Detailangaben
1. Verfasser: Mikulec, Vladimír
Körperschaft: Vysoká škola ekonomická v Bratislave. Národohospodárska fakulta
Format: Buch
Sprache:Slowakisch
Veröffentlicht: Bratislava VŠE 1987
Ausgabe:1. vyd.
Tags: Tag hinzufügen
Keine Tags, Fügen Sie das erste Tag hinzu!

MARC

LEADER 00000nam a2200000 4500
001 c025712
005 20230116100401.1
041 0 |a slo 
044 |a SK 
245 1 0 |a Efektívnosť vedecko-technického rozvoja  |c Vladimír Mikulec 
250 |a 1. vyd. 
264 1 |a Bratislava  |b VŠE  |c 1987 
300 |a 287 s. 
100 1 |a Mikulec, Vladimír 
710 2 |a Vysoká škola ekonomická v Bratislave. Národohospodárska fakulta